000 00310nam a22001337a 4500
008 170825b xxu||||| |||| 00| 0 eng d
020 _a9780312538613
041 _aeng
080 _a070
100 _a39
101 _aMED
245 _aEVERYTHING'S AN ARGUMENT WITH READINGS
_cLUNSFORD,A.A
942 _2udc
_cBK
999 _c25038
_d25038